00466 a2200157 450000100060000008200170000609000170002310000240004024500420006426000350010630000120014150000110015394200270016499900190019195200980021055516 a155.9042 SEA c34451d34451 aSeaward, Brian Luke aEssentials of managing stress with CD aBostonbJones & Bartlettc2006 ewith CD aCD/DVD aNUST-CAEk155.9042 SEA c290589d290589 001040708NFICaCAEbCAEd2017-04-03l0o155.9042 SEApCAE79792r2017-04-05w2017-04-05yBK